[Event "CZE-ch sf15 corr"]
[Site "Czechia"]
[Date "2004.11.23"]
[Round "?"]
[White "Votypka, Miroslav"]
[Black "Koukal, Vladimir"]
[Result "1-0"]
[WhiteElo "2249"]
[BlackElo "2194"]
[PlyCount "120"]
[EventDate "2003.??.??"]
[EventType "tourn (corr)"]
[EventRounds "14"]
[EventCountry "CZE"]
[SourceTitle "Corr 2006"]
[Source "ChessBase"]
[SourceDate "2006.04.01"]
[SourceVersion "3"]
[SourceVersionDate "2006.04.01"]
[SourceQuality "1"]

1. e4 e5 2. Nf3 Nc6 3. Bb5 a6 4. Ba4 Nf6 5. 0-0 Be7 6. Re1 b5 7. Bb3 d6 8. c3 0-0 9. h3 Na5 10. Bc2 c5 11. d4 Qc7 12. Nbd2 Bd7 13. Nf1 cxd4 14. cxd4 Rac8 15. Ne3 Nc6 16. d5 Nb4 17. Bb1 a5 18. a3 Na6 19. b4 Qb6 20. Bd2 axb4 21. axb4 Ra8 22. Bd3 Nc7 23. Qe2 Nh5 24. Nc2 Nf6 25. Be3 Qb7 26. Nd2 Rfc8 27. f4 Na6 28. Nf3 Nxe4 29. fxe5 Bf5 30. Bd4 Ng3 31. Qd2 Bxd3 32. Qxd3 Qxd5 33. Kh2 dxe5 34. Rxe5 Qd7 35. Qxb5 Qxb5 36. Rxb5 Ne2 37. Rba5 Rxc2 38. b5 Nxd4 39. Nxd4 Rd2 40. Nf3 Rd3 41. bxa6 Bd6+ 42. Kg1 f6 43. Kf1 Bg3 44. R1a3 Rd7 45. R5a4 Re7 46. Ra1 f5 47. a7 Rb7 48. R1a2 g6 49. Nd4 Re7 50. Ra1 h5 51. Nc6 Re6 52. R4a3 h4 53. Nb4 Rd6 54. Ra5 Kf7 55. Nd5 Rdd8 56. Nb6 Bc7 57. Nxa8 Bxa5 58. Rxa5 Rxa8 59. Ke2 Ke6 60. Kd3 Kd6 1-0

[Event "CZE-ch sf15 corr"]
[Site "Czechia"]
[Date "2003.12.28"]
[Round "?"]
[White "Valenta, Josef"]
[Black "Koukal, Vladimir"]
[Result "0-1"]
[WhiteElo "2168"]
[BlackElo "2194"]
[PlyCount "34"]
[EventDate "2003.??.??"]
[EventType "tourn (corr)"]
[EventRounds "14"]
[EventCountry "CZE"]
[SourceTitle "Corr 2006"]
[Source "ChessBase"]
[SourceDate "2006.04.01"]
[SourceVersion "3"]
[SourceVersionDate "2006.04.01"]
[SourceQuality "1"]

1. d4 Nf6 2. c4 e6 3. Nc3 Bb4 4. a3 Bxc3+ 5. bxc3 c5 6. f3 d5 7. cxd5 Nxd5 8. dxc5 f5 9. Nh3 0-0 10. c4 Qh4+ 11. Nf2 Qf6 12. Bd2 Nc7 13. Qc1 e5 14. Be3 Ne6 15. Nd3 Nc6 16. Qb2 f4 17. g3 fxe3 0-1

[Event "Moravia-ch8 corr9800"]
[Site "Czech Republic"]
[Date "1998.??.??"]
[Round "9"]
[White "Koukal, Vladimir"]
[Black "Mejzlik, Zdenek"]
[Result "1/2-1/2"]
[WhiteElo "2188"]
[BlackElo "2235"]
[PlyCount "53"]
[EventDate "1998.??.??"]
[EventType "tourn (corr)"]
[EventRounds "16"]
[EventCountry "CZE"]
[SourceTitle "Corr 2002"]
[Source "ChessBase"]
[SourceDate "2002.05.23"]
[SourceVersion "1"]
[SourceVersionDate "2002.05.23"]
[SourceQuality "1"]

1. d4 Nf6 2. c4 e6 3. Nc3 Bb4 4. Qc2 0-0 5. a3 Bxc3+ 6. Qxc3 b6 7. Bg5 c5 8. e3 d6 9. dxc5 bxc5 10. 0-0-0 Ne4 11. Qd3 Nxf2 12. Bxd8 Nxd3+ 13. Bxd3 Rxd8 14. Be4 d5 15. cxd5 Bb7 16. Ne2 Na6 17. Nc3 f5 18. Bf3 Nc7 19. Rd2 exd5 20. Rhd1 c4 21. Nxd5 Nxd5 22. Rxd5 Bxd5 23. Bxd5+ Rxd5 24. Rxd5 g6 25. Rd7 a6 26. Rc7 Re8 27. Kd2 1/2-1/2